• 首页
  • 本馆介绍
  • 公告通知
  • 最新文献
  • 馆藏检索
  • 电子资源
  • 读者导购
  • 参考咨询
  • 我的图书馆
  • 登录
  • 详细信息显示
  • 放入我的书架
  • 预约/预借图书
  • 作者相关作品
  • 分类相关作品
  • 丛书相关作品
  • 出版社相关作品

书目信息

  • 表格格式
  • 工作单格式
  • 卡片格式
题名:
孟子研究论文集
    
 
作者: 王兴业 编
分册:  
出版信息: 济南   山东大学出版社  1997
页数: 517页
开本: 21cm
丛书名: 孔孟学研究丛书
单 册:
中图分类: B222.55
科图分类:
主题词: 孟轲--哲学--研究 , 孟轲--研究
电子资源:
ISBN:
000 00791nam0 2200253 45
001 0198029909
005 20050519114019.5
010    @dCNY2.50
100    @a19980529d1997 kemy0chiy0121 ea
101 0  @achi
102    @aCN@b370000
105    @ay z 000yy
200 10 @a孟子研究论文集@Ameng zi yan jiu lun wen ji@f王兴业编@FWang Xing Ye Bian
210    @a济南@c山东大学出版社@d1997
215    @a517页@c肖像@d21cm
225    @a孔孟学研究丛书@f孔孟学研究丛书编辑委员会主编
410    @12001 @a孔孟学研究丛书
410    @1700 0@a孔孟学研究丛书编辑委员会@AKong Meng Xue Yan Jiu Cong Shu Bian Ji Wei Yuan Hui@4主编
606    @a孟轲@x哲学@x研究
606 0  @a孟轲@x研究
690    @aB222.55@v3
701  0 @a王兴业@4编
801    @aCN@bTSTC@c20021112
905    @dB222.55@e38@f1@b139748
    
    孟子研究论文集/王兴业编.-济南:山东大学出版社,1997
    517页:肖像;21cm.-(孔孟学研究丛书/孔孟学研究丛书编辑委员会主编)
    
    
    ISBN :CNY2.50
    
●
相关链接 在E读中查询图书 在五车中查询图书 在当当中查询图书 在豆瓣中查询图书


正题名:孟子研究论文集     索取号:B222.55/38         预约/预借

序号 登录号 条形码 馆藏地/架位号 状态 备注
1 0139746   001620749   密集书库/ [索取号:B222.55/38] 在馆    
2 0139747   000508622   第一借阅区/ [索取号:B222.55/38] 在馆    
3 0139748   000508659   第一样本阅览室/ [索取号:B222.55/38] 在馆    
唐山师范学院图书馆 欢迎您!
大连网信软件有限公司© 版权所有